Las etapas de la educación /

Guardado en:
Autor Principal: Debesse, Maurice
Formato: Libro
Publicado: Buenos Aires : Nova, 1960
Edición:2a. ed.
Etiquetas: Agregar Etiqueta
Sin Etiquetas, Sea el primero en etiquetar este registro!
LEADER 00490nam a22001695a 4500
001 CEM.cems002015
005 20060215000000.0
008 130507s1960##################000#0#####d
003 CEMS
082 0 4 |a 370 
100 1 |a Debesse, Maurice 
245 1 0 |a Las etapas de la educación / 
250 |a 2a. ed. 
260 |a Buenos Aires :  |b Nova,  |c 1960 
300 |a 138 p. 
859 |a CEMS  |b BIB. CEMS - 11 de abril  |h 370  |i D371a2  |p 1998.74  |t Ej.1 
859 |a CEMS  |b BIB. CEMS - 11 de abril  |h 370  |i D371a2  |p 3541.75  |t Ej.2